Govt. of
Madhya Pradesh

मध्‍यप्रदेश का इतिहास एवं संस्‍कृति (Record no. 66530)

MARC details
000 -LEADER
fixed length control field 00390nam a22001097a 4500
082 ## - DEWEY DECIMAL CLASSIFICATION NUMBER
Classification number 900
100 ## - MAIN ENTRY--AUTHOR NAME
Personal name वरे, डॉ. एस. एल.
245 ## - TITLE STATEMENT
Title मध्‍यप्रदेश का इतिहास एवं संस्‍कृति
260 ## - PUBLICATION, DISTRIBUTION, ETC. (IMPRINT)
Place of publication भोपाल
Name of publisher कैलाश पुस्‍तक सदन
Year of publication 2023
650 ## - SUBJECT ADDED ENTRY--TOPICAL TERM
Topical Term इतिहास
942 ## - ADDED ENTRY ELEMENTS (KOHA)
Koha item type Hindi Books

No items available.